Central Library OPAC University of Rajshahi

Geography through fieldwork / (Record no. 22018)

MARC details
000 -LEADER
fixed length control field 00964cam a2200277 4500
001 - CONTROL NUMBER
control field 22018
003 - CONTROL NUMBER IDENTIFIER
rucl marc code BD-RjUL
005 - DATE AND TIME OF LATEST TRANSACTION
control field 20211209000746.0
008 - FIXED-LENGTH DATA ELEMENTS--GENERAL INFORMATION
fixed length control field 140306s1970 enkab 001 0 eng d
035 ## - SYSTEM CONTROL NUMBER
System control number (BD-RjUL)22083
040 ## - CATALOGING SOURCE
Original cataloging agency DLC
Transcribing agency DLC
Modifying agency DLC
-- BD-RjUL
Language of cataloging eng
041 ## - LANGUAGE CODE
Language code of text/sound track or separate title eng
082 00 - DEWEY DECIMAL CLASSIFICATION NUMBER
Classification number 914.2
Author mark and year BOG V-3 1970
100 1# - MAIN ENTRY--PERSONAL NAME
Personal name Bolton, Thomas.
9 (RLIN) 67999
245 10 - TITLE STATEMENT
Title Geography through fieldwork /
Statement of responsibility, etc. by T. Bolton & P. A. Newbury.
Number of part/section of a work Book Three :
Name of part/section of a work Studies in Wales Scotland and England
260 ## - PUBLICATION, DISTRIBUTION, ETC. (IMPRINT)
Place of publication, distribution, etc. London :
Name of publisher, distributor, etc. Blandford P.,
Date of publication, distribution, etc. 1970.
300 ## - PHYSICAL DESCRIPTION
Pagination 136 p. :
Illustrations illus. (some col.), maps (some col.), tables, diagrs. ;
Size 21 1/2 cm.
504 ## - BIBLIOGRAPHY, ETC. NOTE
Bibliography, etc Includes Index
505 0# - FORMATTED CONTENTS NOTE
Formatted contents note Vol. 1--Vol.--2-Exploring Britain
650 #0 - SUBJECT ADDED ENTRY--TOPICAL TERM
Topical term or geographic name as entry element Physical geography
General subdivision Fieldwork.
9 (RLIN) 68000
651 #0 - SUBJECT ADDED ENTRY--GEOGRAPHIC NAME
Geographic name Great Britain
General subdivision Geography.
9 (RLIN) 68001
Geographic name Great Britain
General subdivision Antiquities.
9 (RLIN) 59815
700 1# - ADDED ENTRY--PERSONAL NAME
Personal name Newbury, Paul Augustus,
Relator term joint author.
942 ## - ADDED ENTRY ELEMENTS (KOHA)
Source of classification or shelving scheme Dewey Decimal Classification
Koha item type Books
Holdings
Lost status Source of classification or shelving scheme Damaged status Not for loan Collection code Permanent Location Current Location Shelving location Date acquired Source of acquisition Total Checkouts Full call number Date last seen Copy number Koha item type Cost, normal purchase price
  Dewey Decimal Classification     Non-fiction Central Library, University of Rajshahi Central Library, University of Rajshahi   16/03/1974 Britain Gift   914.2 BOG V-3 1970 06/03/2014 C-3 Books  
  Dewey Decimal Classification   Not For Loan Non-fiction Central Library, University of Rajshahi Central Library, University of Rajshahi Reading Room 31/07/1971 Zeitlinger   914.2 BOG V-3 1970 13/04/2017 C-1 Books  
  Dewey Decimal Classification   Not For Loan Non-fiction Central Library, University of Rajshahi Central Library, University of Rajshahi Reading Room 24/07/1971 Zeitlinger   914.2 BOG V-2 1970 13/04/2017 C-1 Books 42.00